000 00831nam a2200205 i 4500
001 189988
003 ES-MaACL
005 20230906223617.0
008 200303s1970 sp |||| | spa d
080 _a331.116.3(043.2)
100 1 _aTovillas Zorzano, José Julián.
_9169816
245 1 3 _aEl convenio colectivo como vehículo de participación /
_cpor José Julián Tovillas Zorzano.
260 _aBarcelona :
_b[Universidad, Facultad de Derecho],
_c1970.
300 _a13 p. ;
_c24 cm.
502 _aTesis-Univ. Barcelona (Extracto)
594 _aPrecede al tít.: Universidad de Barcelona. Secretariado de Publicaciones, Intercambio Científico y Extensión Universitaria.
650 4 _aConvenios colectivos.
_9151760
710 2 _aUniversidad de Barcelona.
_bFacultad de Derecho.
_97147
852 _aES-MaACL
_jP-1414-8
999 _c189988
_d189988